Antónimos - Statistics

Estatísticas Gerais
  • Esse quiz foi jogado 122 vezes
  • A pontuação média é 12 de 15
Estatísticas das Respostas
Hint Resposta % Correto
Bonito Feio
100%
Calor Frio
100%
Verão Inverno
100%
Verdade Mentira
99%
Alto Baixo
98%
Magro Gordo
97%
Pobre Rico
97%
Grande Pequeno
96%
Amor Ódio
95%
Seco Molhado
91%
Rápido Lento
90%
Doce Salgado
88%
Sol Chuva
45%
Tranquilo Nervoso
26%
Desleixado Elegante
2%
Nenhum quiz correspondente encontrado
Distribuição das Pontuações
Porcentagem de Pessoas com Cada Pontuação
Percentil de Números Respondidos
Sua Pontuação Histórica
Você não jogou esse quiz